|
|
|
|
| LEADER |
00000naa a2200000uu 4500 |
| 001 |
vtls010942861 |
| 003 |
SK-MaSNL |
| 005 |
20260302123419.0 |
| 008 |
210824|1998 xo |||||||||||||||||slo| |
| 015 |
|
|
|a SNBRA
|
| 035 |
|
|
|a (urnnbn)urn:nbn:sk:snk:ar-a0bd7d
|
| 035 |
|
|
|a (uuid)c8f3d134-a55a-4891-98e4-994981d70a7a
|
| 035 |
|
|
|a urn:nbn:sk:snk-aau5g1
|
| 040 |
|
|
|a SNKBUCL
|b slo
|c SNKBUCL
|e AACR2
|
| 041 |
0 |
|
|a slo
|
| 044 |
|
|
|a xo
|c SK
|
| 100 |
1 |
|
|a Šúleková, Drahoslava
|4 aut
|9 782723
|
| 245 |
1 |
0 |
|a ZLEPŠOVANIE KVALITY PROSTREDNÍCTVOM BENCHMARKINGU
|c Drahoslava Šúleková
|
| 773 |
0 |
|
|t Prvenstvo v kvalite '98
|d Košice : Technická univerzita, 1998
|g S. 47-54
|z 8070993790
|
| 958 |
|
|
|a OND
|
| 958 |
|
|
|a article11
|
| 958 |
|
|
|a chapter
|
| 999 |
|
|
|c 1282939
|d 1284869
|